The Economic Impact of Knowledge : (Record no. 614106)

MARC details
000 -LEADER
fixed length control field 00504nam a2200193 a 4500
008 - FIXED-LENGTH DATA ELEMENTS--GENERAL INFORMATION
fixed length control field 260220s1998##################000#0#eng##
020 ## - INTERNATIONAL STANDARD BOOK NUMBER
ISBN 9780750670098
082 04 - DEWEY DECIMAL CLASSIFICATION NUMBER
Classification number 338.064
Item number NEE
100 1# - MAIN ENTRY--AUTHOR NAME
Personal name Neef, Dale,
245 10 - TITLE STATEMENT
Title The Economic Impact of Knowledge :
260 ## - PUBLICATION, DISTRIBUTION, ETC. (IMPRINT)
Name of publisher Routledge,
Year of publication 1998.
300 ## - PHYSICAL DESCRIPTION
Number of Pages 362 pages
650 #0 - SUBJECT ADDED ENTRY--TOPICAL TERM
Topical Term Business & Economics.
942 ## - ADDED ENTRY ELEMENTS (KOHA)
Koha item type English Books

No items available.

Find us on the map